| 000 | 00602nam a2200205 a 4500 | ||
|---|---|---|---|
| 008 | 951123s1974||||[C 0 slo c | ||
| 040 |
_aSNK _bslo _cSNK _eAACR2 |
||
| 041 | 1 |
_aslo _hslo |
|
| 044 |
_axo _cSK |
||
| 080 | _a124.5 | ||
| 100 | 1 |
_4aut _aLenin, V. I. |
|
| 245 | 1 | 0 |
_aO ateizme, náboženstve a cirkvi _cVladimír Brožík ; Jozef Szabó |
| 250 | _a1., vyd. | ||
| 260 |
_aBratislava _bPravda _c1974 _eŽilina _fPravda |
||
| 300 |
_a295 s., 16,09 AH _c21 cm |
||
| 490 | 0 | _aMarxisticko-leninská filozofia | |
| 500 | _aLit. 194. 194 zázn. v slov., češ. a nem. | ||
| 958 | _aA | ||
| 020 | _c12 | ||
| 999 |
_c15501 _d15501 |
||